Entretiens sur la géométrie / (Record no. 164816)

MARC details
000 -LEADER
campo de control de longitud fija 01012nam a2200265 i 4500
001 - NÚMERO DE CONTROL
campo de control 164816
003 - IDENTIFICADOR DE NÚMERO DE CONTROL
campo de control ES-MaACL
005 - FECHA Y HORA DE LA ÚLTIMA TRANSACCIÓN
campo de control 20250724074836.0
008 - DATOS DE LONGITUD FIJA--INFORMACIÓN GENERAL
campo de control de longitud fija 040901s1835 fr a |||| | fre d
040 ## - FUENTE DE CATALOGACIÓN
Centro catalogador/agencia de origen CAM
Lengua de catalogación spa
Centro/agencia transcriptor CAM
100 1# - ENTRADA PRINCIPAL--NOMBRE DE PERSONA
Nombre de persona Sarrus, Frédéric.
9 (RLIN) 132485
245 10 - MENCIÓN DEL TÍTULO
Título Entretiens sur la géométrie /
Mención de responsabilidad, etc. par P.F. Sarrus.
260 ## - PUBLICACIÓN, DISTRIBUCIÓN, ETC.
Lugar de publicación, distribución, etc. Paris ;
-- Strasbourg :
Nombre del editor, distribuidor, etc. chez F.G. Levrault,
Fecha de publicación, distribución, etc. 1835.
300 ## - DESCRIPCIÓN FÍSICA
Extensión 190 p. :
Otras características físicas il. ;
Dimensiones 14 cm.
490 1# - MENCIÓN DE SERIE
Mención de serie Maitre Pierre ou Le savant de village
490 1# - MENCIÓN DE SERIE
Mención de serie Bibliothèque de l'instruction populaire ;
Designación de volumen o secuencia 21
594 ## - Nota al título y mención de responsabilidad
Nota al título y mención de responsabilidad Texto en letra cursiva.
598 ## - NOTA LOCAL
Nota local Segunda serie tomada de BN Opale-Plus.
650 07 - PUNTO DE ACCESO ADICIONAL DE MATERIA--TÉRMINO DE MATERIA
Término de materia o nombre geográfico como elemento de entrada Geometría
Fuente del encabezamiento o término embne
9 (RLIN) 13096
740 0# - ENTRADA AGREGADA--TÍTULO RELACIONADO/ANALÍTICO NO CONTROLADO
Título relacionado o analítico no controlado Maitre Pierre ou Le savant de village.
830 0# - PUNTO DE ACCESO ADICIONAL DE SERIE-TÍTULO UNIFORME
Título uniforme Maitre Pierre ou Le savant de village
9 (RLIN) 187710
830 0# - PUNTO DE ACCESO ADICIONAL DE SERIE-TÍTULO UNIFORME
Título uniforme Bibliothèque de l'instruction populaire ;
Designación de volumen o secuencia 21
9 (RLIN) 187711
852 ## - LOCALIZACIÓN
Ubicación ES-MaACL
Número de control de estantería D-5207(1)
Nota libre -- Enc. hol.
Encuadernación -- Edic.: en el lomo consta : Instruction populaire
Holdings
Estatus retirado Estado de pérdida Estado de daño No para préstamo Colección Biblioteca de origen Biblioteca actual Ubicación en estantería Fecha de adquisición Fuente de adquisición Total de préstamos Signatura topográfica completa Código de barras Visto por última vez Precio de reemplazo Tipo de ítem Koha
        Libros del s. XIX Biblioteca del Ateneo de Madrid Biblioteca del Ateneo de Madrid Sala Valle Inclán 17/01/2008     D-5207(1) 901172774 23/02/2023 23/02/2023 Libro impreso antiguo